Normal view
MARC view
Entry Personal Name
001 - CONTROL NUMBER
- control field: 58945
003 - CONTROL NUMBER IDENTIFIER
- control field: dpl
005 - DATE AND TIME OF LATEST TRANSACTION
- control field: 20231121170743.0
008 - FIXED-LENGTH DATA ELEMENTS
- fixed length control field: 231121|| aca||aabn | a|a d
040 ## - CATALOGING SOURCE
- Original cataloging agency: dpl
- Transcribing agency: dpl
100 ## - HEADING--PERSONAL NAME
- Personal name: Sarkar, Amitava
670 ## - SOURCE DATA FOUND
- Source citation: Work cat.: (dpl)190372: Sarkar, Amitava , Introduction to Combustion Engineering:
